Central Library OPAC University of Rajshahi

Applications of nuclear physics / (Record no. 68233)

MARC details
000 -LEADER
fixed length control field 00830nam a2200289 a 4500
001 - CONTROL NUMBER
control field 68233
003 - CONTROL NUMBER IDENTIFIER
rucl marc code BD-RjUL
005 - DATE AND TIME OF LATEST TRANSACTION
control field 20211209081739.0
008 - FIXED-LENGTH DATA ELEMENTS--GENERAL INFORMATION
fixed length control field 170401s1964 enka b 000 0 eng d
035 ## - SYSTEM CONTROL NUMBER
System control number (BD-RjUL)68443
System control number GLIS00156714
040 ## - CATALOGING SOURCE
Original cataloging agency DLC
Transcribing agency NRC
Modifying agency MYG
-- BD-RjUL
Language of cataloging eng
041 ## - LANGUAGE CODE
Language code of text/sound track or separate title eng
082 ## - DEWEY DECIMAL CLASSIFICATION NUMBER
Edition number 23
Classification number 539.7
Author mark and year FRA 1964
090 ## - LOCALLY ASSIGNED LC-TYPE CALL NUMBER (OCLC); LOCAL CALL NUMBER (OCLC)
Classification number (OCLC) (R) ; Classification number, CALL (RLIN) (NR) QC173
Local cutter number (OCLC) ; Book number/undivided call number, CALL (RLIN) .F871
099 ## - LOCAL FREE-TEXT CALL NUMBER (OCLC)
Bangla Class number QC173.F871
100 1# - MAIN ENTRY--PERSONAL NAME
Personal name Fremlin, J. H.
9 (RLIN) 202281
245 10 - TITLE STATEMENT
Title Applications of nuclear physics /
Statement of responsibility, etc. J. H. Fremlin.
250 ## - EDITION STATEMENT
Edition statement 1st ed.
260 ## - PUBLICATION, DISTRIBUTION, ETC. (IMPRINT)
Place of publication, distribution, etc. London :
Name of publisher, distributor, etc. English Universities Press ,
Date of publication, distribution, etc. c1964
300 ## - PHYSICAL DESCRIPTION
Pagination xiii, 340 p. :
Illustrations ill. ;
Size 23 cm.
490 1# - SERIES STATEMENT
Series statement Physical science texts
504 ## - BIBLIOGRAPHY, ETC. NOTE
Bibliography, etc Includes bibliography and index
650 #0 - SUBJECT ADDED ENTRY--TOPICAL TERM
Topical term or geographic name as entry element Nuclear physics.
9 (RLIN) 202282
830 #0 - SERIES ADDED ENTRY--UNIFORM TITLE
Uniform title Physical science texts.
942 ## - ADDED ENTRY ELEMENTS (KOHA)
Source of classification or shelving scheme Dewey Decimal Classification
Koha item type Books
Holdings
Lost status Source of classification or shelving scheme Damaged status Not for loan Collection code Permanent Location Current Location Shelving location Date acquired Source of acquisition Cost, normal purchase price Total Checkouts Full call number Date last seen Copy number Koha item type
  Dewey Decimal Classification   Not For Loan Non-fiction Central Library, University of Rajshahi Central Library, University of Rajshahi Reading Room 16/02/1965 w. D. wills co (pak) 0.00   539.7 FRA 1964 01/04/2017 C-1 Books